<?xml version="1.0" encoding="UTF-8"?><?xml-stylesheet type="text/xsl" href="static/style.xsl"?><OAI-PMH xmlns="http://www.openarchives.org/OAI/2.0/" xmlns:xsi="http://www.w3.org/2001/XMLSchema-instance" xsi:schemaLocation="http://www.openarchives.org/OAI/2.0/ http://www.openarchives.org/OAI/2.0/OAI-PMH.xsd"><responseDate>2026-06-07T04:46:21Z</responseDate><request verb="GetRecord" identifier="oai:riuma.uma.es:10630/34166" metadataPrefix="marc">https://riuma.uma.es/rest/oai/request</request><GetRecord><record><header><identifier>oai:riuma.uma.es:10630/34166</identifier><datestamp>2026-02-03T12:12:07Z</datestamp><setSpec>com_10630_2254</setSpec><setSpec>col_10630_37959</setSpec></header><metadata><record xmlns="http://www.loc.gov/MARC21/slim" xmlns:dcterms="http://purl.org/dc/terms/" xmlns:doc="http://www.lyncode.com/xoai" xmlns:xsi="http://www.w3.org/2001/XMLSchema-instance" xsi:schemaLocation="http://www.loc.gov/MARC21/slim http://www.loc.gov/standards/marcxml/schema/MARC21slim.xsd">
   <leader>00925njm 22002777a 4500</leader>
   <datafield ind2=" " ind1=" " tag="042">
      <subfield code="a">dc</subfield>
   </datafield>
   <datafield ind2=" " ind1=" " tag="720">
      <subfield code="a">Zubizarreta, Rogelio</subfield>
      <subfield code="e">author</subfield>
   </datafield>
   <datafield ind2=" " ind1=" " tag="720">
      <subfield code="a">Jiménez-Navarro, Juan-Pablo</subfield>
      <subfield code="e">author</subfield>
   </datafield>
   <datafield ind2=" " ind1=" " tag="260">
      <subfield code="c">2011-11-03</subfield>
   </datafield>
   <datafield ind2=" " ind1=" " tag="520">
      <subfield code="a">The purpose of this paper is to present the results of the feasibility study for a district heating-cooling network to cover the energy demand in a Science and Technology Park under Mediterranean climate conditions. To evaluate the energy demand a bottom-up strategy has been followed: a building inventory has been carried out to define several building types according to use; envelope and glazing. Energy + has been used to obtain heating and cooling demand profiles for each building type and orientation. According to municipal development plans for PTA and forecast in business growth; the energy demand evaluation in a 10-years timeframe has been carried out.&#xd;
Most appropriate technologies has been analyzed and evaluated: Cogeneration (gas turbine and alternative internal combustion engines); biomass boiler and conventional technologies have been evaluated with TRNSYS to obtain consumption profiles; consumption rates; efficiency indicators and energy losses. Finally an economic analysis has been done to technologies in a 20 years period to evaluate technology that better economic results address.&#xd;
&#xd;
The main objective of this work is the promotion of the efficient and effective energy supply in areas with high energy consumption. DCH technology is widely used in the North of Europe and this paper try to demonstrate that this technology could be apply in Mediterranean areas successfully.</subfield>
   </datafield>
   <datafield ind1="8" ind2=" " tag="024">
      <subfield code="a">Zubizarreta-Jiménez, R, Jiménez-Navarro, JP, Cejudo-López, JM Energy Demand and Available Technologies Analysis for District Heating Cooling Applications in a Science and Technology Park (PTA) in a Mediterranean country (2011) Linköping Electronic Conference Proceedings 57:7, pp. 3050-3057. http://dx.doi.org/10.3384/ecp110573050</subfield>
   </datafield>
   <datafield ind1="8" ind2=" " tag="024">
      <subfield code="a">https://hdl.handle.net/10630/34166</subfield>
   </datafield>
   <datafield tag="653" ind2=" " ind1=" ">
      <subfield code="a">Recursos energéticos</subfield>
   </datafield>
   <datafield tag="653" ind2=" " ind1=" ">
      <subfield code="a">Energía - Conservación</subfield>
   </datafield>
   <datafield ind2="0" ind1="0" tag="245">
      <subfield code="a">Energy Demand and Available Technologies Analysis for District Heating Cooling Applications in a Science and Technology Park (PTA) in a Mediterranean country</subfield>
   </datafield>
</record>
</metadata></record></GetRecord></OAI-PMH>